00944nam a2200205 a 4500001001000000005001700010008004100027020001800068041000800086050001300094245010300107260005100210300003200261500003400293500012500327500012200452500011100574650003300685710002000718BRCA_705020190320205707.0011211s2011----mx-a######---#000-0#spa-# a9786079076016 aspa 4bC75 201110aEl criollo en su reflejobcelebración e identidad, 1521-1821ctextos Alfonso Alfaro... [et al.]. aMéxicobFomento Cultural Grupo Salinasc2011 a247 p.bil. a colorc34 cm. aIncluye lista catalográfica aColecciones Ricardo B. Salinas Pliego/Fomento Cultural Grupo Salinas; The Hispanic Society of America; Museo Franz Mayer aCatálogo de la exposición realizada en el Museo Franz Mayer (Ciudad de México), 14 octubre - 12 diciembre, 2010 aIncluye piezas de la colección Franz Mayer: p. 45, 83, 133, 139, 141, 150, 166, 182, 191, 199, 209 y 21514aIdentidad criollay1521-18212 aAlfaro, Alfonso